000 00396nam a2200145Ia 4500
008 211109s9999||||xx |||||||||||||| ||und||
082 _a894.8121
_bSUG.
100 _aSugathakumari,
245 0 _aThulavarshappacha
260 _bD c Books
_aKottayam
_c1990
300 _a112p.
630 _xGeneral stack
650 _aLiterature
_vmalayalam literature
_xMalayalam PoetryMalayalam
942 _cBOOK
999 _c54075
_d54075